Logo BPK

Biblioteka

Politechniki Koszalińskiej

Polska 1944-1965. (Rekord nr 11107)

Szczegóły MARC
000 -ETYKIETA REKORDU
podpole kontrolne o stałej długości 01379nam a2200361 i 4500
001 - NUMER KONTROLNY REKORDU
pole kontrolne 11107
003 - IDENTYFIKATOR NUMERU KONTROLNEGO REKORDU
podpole kontrolne KOSZ 005
005 - DATA OSTATNIEJ MODYFIKACJI REKORDU
podpole kontrolne 20240405063005.0
008 - POLE O STAŁEJ DŁUGOŚCI - DANE KONTROLNE
podpole kontrolne o stałej długości 050914s1966 pl a f |000 0 pol
015 ## - NUMER BIBLIOGRAFII NARODOWEJ
Numer bibliografii narodowej PB 1966/6311
040 ## - ŹRÓDŁO KATALOGOWANIA
Instytucja, która sporządziła opis WA N
Instytucja, która utworzyła rekord WA N
Instytucja, która dokonała modyfikacji KOSZ 005/EG
-- KOSZ 005/HR
041 ## - KOD JĘZYKA
Kod języka tekstu pol
046 ## - DATY KODOWANE
Pojedyncza data lub początek okresu powstania dzieła lub zbioru dzieł 1966
080 ## - UNIWERSALNA KLASYFIKACJA DZIESIĘTNA - UKD
UKD 94(438).083
080 ## - UNIWERSALNA KLASYFIKACJA DZIESIĘTNA - UKD
UKD (084)
245 00 - TYTUŁ/ODPOWIEDZIALNOŚĆ
Tytuł Polska 1944-1965.
Oznaczenie części/sekcji dzieła T. 1,
Tytuł części/sekcji dzieła 1944-1955 /
Pozostałe elementy strefy tytułu i oznaczenia odpowiedzialności [koncepcja i red. Stanisław Wroński i Maria Zwolakowa ; materiał il. zebrali Jerzy Tomaszewski i Tadeusz Mazur ; zdjęcia: Stefan Arczyński et al.]
260 ## - STREFA ADRESU WYDAWNICZEGO
Miejsce wydania Warszawa :
Nazwa wydawcy/dystrybutora Książka i Wiedza,
Data publikacji, dystrybucji/powstania dokumentu 1966.
300 ## - STREFA OPISU FIZYCZNEGO
Objętość 448 s. :
Inne cechy fizyczne il., mapy ;
Rozmiary 27 cm.
380 ## - FORMA I TYP PUBLIKACJI
Forma i typ publikacji Książki.
500 ## - UWAGI OGÓLNE
Tekst uwagi Wydawnictwo albumowe.
648 #7 - HASŁO PRZEDMIOTOWE - TERMIN CHRONOLOGICZNY
Termin chronologiczny 1901-2000
648 #7 - HASŁO PRZEDMIOTOWE - TERMIN CHRONOLOGICZNY
Termin chronologiczny 1945-1989
651 #7 - HASŁO PRZEDMIOTOWE W FORMIE NAZWY GEOGRAFICZNEJ
Nazwa geograficzna Polska
658 ## - TERMIN INDEKSOWY - PRZEDMIOT PROGRAMU NAUCZANIA
Główny przedmiot programu nauczania Historia
700 1# - HASŁO DODATKOWE - NAZWA OSOBOWA
Nazwa osobowa Wroński, Stanisław
Daty związane z nazwą (1916-2003)
Określenie związku między hasłem a opisywanym materiałem Redakcja
700 1# - HASŁO DODATKOWE - NAZWA OSOBOWA
Nazwa osobowa Zwolakowa, Maria
Określenie związku między hasłem a opisywanym materiałem Redakcja
700 1# - HASŁO DODATKOWE - NAZWA OSOBOWA
Nazwa osobowa Mazur, Tadeusz
Dopowiedzenie (fotograf)
Określenie związku między hasłem a opisywanym materiałem Ilustracje
700 1# - HASŁO DODATKOWE - NAZWA OSOBOWA
Nazwa osobowa Arczyński, Stefan
Daty związane z nazwą (1916- )
Określenie związku między hasłem a opisywanym materiałem Fotografie
700 1# - HASŁO DODATKOWE - NAZWA OSOBOWA
Nazwa osobowa Tomaszewski, Jerzy
Daty związane z nazwą (1924-2016)
Określenie związku między hasłem a opisywanym materiałem Ilustracje
710 2# - HASŁO DODATKOWE - NAZWA CIAŁA ZBIOROWEGO
Nazwa ciała zbiorowego lub jednostki geograficznej Spółdzielnia Wydawniczo-Handlowa "Książka i Wiedza"
Kod określenia powiązania pbl.
856 ## - LOKALIZACJA I DOSTĘP DO ELEKTRONICZNYCH DOKUMENTÓW ZDALNYCH
Link (URL) http://koha.tu.koszalin.pl/cgi-bin/koha/opac-detail.pl?biblionumber=11107
Tekst linku Katalog online BPK
942 ## - DODATKOWE ELEMENTY (KOHA)
Schemat klasyfikacji Uniwersalna Klasyfikacja Dziesiętna
Typ dokumentu Książka
Egzemplarze
Wycofany Status egzemplarza Uszkodzony Dostępność Lokalizacja stała Lokalizacja bieżąca Miejsce przechowywania Sygnatura Kod kreskowy Dział Typ dokumentu
      Tylko na miejscu Biblioteka Politechniki Koszalińskiej Biblioteka Politechniki Koszalińskiej Czytelnia BG 1671 01960969 94(438) Historia Polski Książka
© 2023 Biblioteka Politechniki Koszalińskiej :: KOHA